00843nam a2200205 i 450000100060000000300090000600700030001500800410001808000140005911000670007324501580014026000630029830000400036149000630040150000290046461000280049370000210052183000630054285200320060518152ES-MaACLt|010928s1974 fr ||||1| fre d a327.323.12 aInternacional Comunista. bCongreso (n1º. d1919. cMoscú)14aLes Congrès de l'Internationale communiste. pLe Premier Congrès -2-6 mars 1919 / ctextes intégraux publiés sous la direction de Pierre Broué. aParis : bEtudes et Documentation Internationales, c1974. a307 p., [1] h. de lám. ; c24 cm.1 aDocuments pour l'histoire de la troisième Internationale aBiblioteca Juan Andrade.24aInternacional Comunista1 aBroué, Pierre.0 aDocuments pour l'histoire de la troisième Internationale aES-MaACLjAND-90 bR.109415